Najlepsze państwa na emeryturę - Statystyki

Ogólne statystyki
  • Ten quiz został rozwiązany 63 razy
  • Średni wynik to 8 z 11
Statystyki odpowiedzi
L.p. Odpowiedź % Poprawnych
11 Niemcy
89%
2 Szwajcaria
86%
1 Norwegia
82%
8 Holandia
81%
9 Dania
79%
5 Australia
75%
3 Islandia
75%
4 Irlandia
67%
6 Nowa Zelandia
65%
7 Luksemburg
63%
10 Czechy
47%
Nie znaleziono quizów pasujących do podanych kryteriów
Rozkład punktacji
Procent ludzi z każdym wynikiem
Percentyl według liczby udzielonych odpowiedzi
Twoja historia wyników
Nie rozwiązałeś tego quizu